Statistics for Miracle on Ice

Click here to take the quiz!

General Stats

  • This quiz has been taken 165 times
  • The average score is 8 of 10

Answer Stats

HintAnswer% Correct
Who did the USA beat in their final hockey game?Finland
89%
Who was the coach of the USA hockey team in 1980?Herb Brooks
88%
What city were the 1980 Olympics hosted?Lake Placid
88%
Who was the goalie of the USA?Jim Craig
86%
Who won the bronze medal in the 1980 Olympics in hockey?Sweden
83%
Who did the USA play and tie in their first game?Sweden
79%
Who scored the game winning goal against the Soviets?Mike Eruzione
72%
What was the name of the defenseman who tore his ligament in that game above?Jack O'Callahan
70%
What was the final score of the exhibition game 3 days before the olympics between USA and Soviet Union?10-3
65%
Who scored the most goals for USA at the 1980 Olympics?Mark Johnson
61%

Score Distribution

Percentile by Number Answered

Percent of People with Each Score

Your Score History

You have not taken this quiz